| 000 | 00976cam a2200205 4500 | ||
|---|---|---|---|
| 001 | WB3901-08 | ||
| 008 | 030103n2002 000 0 eng u | ||
| 035 | _a(Sirsi) u120890 | ||
| 245 | _aSlowdown signs | ||
| 260 | _c2002 | ||
| 490 |
_aRetail Week _v20 December 2002, 15(1) |
||
| 520 | _aDonaldson's latest quarterly retail research report indicates that the rate of growth at the secondary end of the retail property market has slowed. However, capital values are still rising and total returns for retail property at the end of the third quarter 2002 were 16.1%, up from 12.5% in June. "Retail spotlight: 3rd quarter 2002" available from www.donaldsons.co.uk/rcs/Reef/55219/publications_pub/index.xml | ||
| 590 | _aWB | ||
| 650 | _aPROPERTY-COMMERCIAL PROPERTY-RETAIL PROPERTY-RETAIL PROPERTY MARKET | ||
| 650 | _aDONALDSONS | ||
| 650 | _aRETAIL PROPERTY | ||
| 650 | _aSECONDARY PROPERTY | ||
| 690 | _aPROPERTY-COMMERCIAL PROPERTY-RETAIL PROPERTY | ||
| 942 | _n0 | ||
| 999 |
_c71857 _d71857 |
||